Stolice Świata - Poziom trudny - Statystyki

Ogólne statystyki
  • Ten quiz został rozwiązany 26 razy
  • Średni wynik to 5 z 7
Statystyki odpowiedzi
Hint Odpowiedź % Poprawnych
Stolicą Indonezji jest: Dżakarta
86%
Stolicą Peru jest: Lima
86%
Stolicą Ekwadoru jest: Quito
86%
Stolicą Madagaskaru jest: Antananarywa
76%
Stolicą Kuby jest: Hawana
76%
Stolicą Iranu jest: Teheran
76%
Stolicą Mongolii jest: Utan Bator
5%
Nie znaleziono quizów pasujących do podanych kryteriów
Rozkład punktacji
Procent ludzi z każdym wynikiem
Percentyl według liczby udzielonych odpowiedzi
Twoja historia wyników
Nie rozwiązałeś tego quizu